[Event "47th GER-ch Blitz 2020"]
[Site "Magdeburg"]
[Date "2020.08.15"]
[Round "26.9"]
[White "Baskin, Robert"]
[Black "Hess, Max"]
[Result "1-0"]
[WhiteElo "2390"]
[BlackElo "2378"]
[Annotator "ChessBase"]
[PlyCount "60"]
[EventDate "2020.07.28"]
[EventType "tourn"]
[EventCountry "GER"]
[SourceTitle "playchess.com"]
[Source "ChessBase"]
[SourceQuality "1"]
[TimeControl "180+2"]

1. e4 {[%emt 0:00:00]} g6 {[%emt 0:00:00]} 2. d4 c6 3. Nf3 {[%emt 0:00:02]} d5 {[%emt 0:00:01]} 4. e5 {[%emt 0:00:01]} h5 {[%emt 0:00:02]} 5. h3 {[%emt 0:00:03]} Nh6 {[%emt 0:00:03]} 6. c4 {[%emt 0:00:01]} Nf5 {[%emt 0:00:25]} 7. Nc3 {[%emt 0:00:02]} e6 {[%emt 0:00:17]} 8. Bd3 {[%emt 0:00:10]} Be7 {[%emt 0:00:05]} 9. Bxf5 {[%emt 0:00:18]} gxf5 {[%emt 0:00:09]} 10. cxd5 {[%emt 0:00:01]} cxd5 {[%emt 0:00:01]} 11. h4 {[%emt 0:00:01]} Nc6 {[%emt 0:00:03]} 12. Bg5 {[%emt 0:00:02]} Bxg5 {[%emt 0:00:28]} 13. hxg5 {[%emt 0:00:04]} Qb6 {[%emt 0:00:04]} 14. Qd2 {[%emt 0:00:03]} Bd7 {[%emt 0:00:03]} 15. Na4 {[%emt 0:00:11]} Qb4 {[%emt 0:00:14]} 16. Nc5 {[%emt 0:00:03]} O-O-O {[%emt 0:00:05]} 17. a3 {[%emt 0:00:20]} Qxd2+ {[%emt 0:00:06]} 18. Kxd2 {[%emt 0:00:01]} b6 {[%emt 0:00:07]} 19. Nd3 {[%emt 0:00:01]} Na5 {[%emt 0:00:04]} 20. Rac1+ {[%emt 0:00:15]} Kb7 {[%emt 0:00:02]} 21. Rc3 {[%emt 0:00:01]} Rc8 {[%emt 0:00:06]} 22. Nf4 {[%emt 0:00:03]} Nc4+ {[%emt 0:00:07]} 23. Kc2 {[%emt 0:00:12]} Rc7 {[%emt 0:00:17]} 24. Rxh5 {[%emt 0:00:10]} Rhc8 {[%emt 0:00:01]} 25. Kb1 {[%emt 0:00:05]} Bb5 {[%emt 0:00:06]} 26. Ka2 {[%emt 0:00:13]} Na5 {[%emt 0:00:19]} 27. Rxc7+ {[%emt 0:00:07]} Rxc7 {[%emt 0:00:01]} 28. Rh7 {[%emt 0:00:15]} Bc4+ {[%emt 0:00:02]} 29. Kb1 {[%emt 0:00:02]} Nb3 {[%emt 0:00:34]} 30. g6 {[%emt 0:00:10]} Na5 1-0

[Event "47th GER-ch Blitz 2020"]
[Site "Magdeburg"]
[Date "2020.08.15"]
[Round "26.10"]
[White "Barzen, Pascal"]
[Black "Siebarth, Raiko"]
[Result "1-0"]
[WhiteElo "2321"]
[BlackElo "2333"]
[Annotator "ChessBase"]
[PlyCount "81"]
[EventDate "2020.07.28"]
[EventType "tourn"]
[EventCountry "GER"]
[SourceTitle "playchess.com"]
[Source "ChessBase"]
[SourceQuality "1"]
[TimeControl "180+2"]

1. e4 {[%emt 0:00:00]} c5 {[%emt 0:00:00]} 2. Nc3 {[%emt 0:00:00]} Nc6 {[%emt 0:00:00]} 3. g3 g6 4. Bg2 {[%emt 0:00:01]} Bg7 {[%emt 0:00:00]} 5. d3 {[%emt 0:00:00]} d6 {[%emt 0:00:01]} 6. f4 {[%emt 0:00:01]} h5 {[%emt 0:00:02]} 7. Nf3 {[%emt 0:00:01]} e6 {[%emt 0:00:02]} 8. O-O {[%emt 0:00:05]} Nge7 {[%emt 0:00:00]} 9. Be3 {[%emt 0:00:04]} Nd4 {[%emt 0:00:03]} 10. Qd2 {[%emt 0:00:04]} Nec6 {[%emt 0:00:01]} 11. Ng5 {[%emt 0:00:13]} h4 {[%emt 0:00:04]} 12. Nd1 {[%emt 0:00:05]} hxg3 {[%emt 0:00:02]} 13. hxg3 {[%emt 0:00:02]} f6 {[%emt 0:00:18]} 14. Nh3 {[%emt 0:00:01]} e5 {[%emt 0:00:00]} 15. Nhf2 {[%emt 0:00:09]} Qe7 {[%emt 0:00:16]} 16. c3 {[%emt 0:00:05]} Ne6 {[%emt 0:00:00]} 17. f5 {[%emt 0:00:25]} gxf5 {[%emt 0:00:03]} 18. exf5 {[%emt 0:00:01]} Nc7 {[%emt 0:00:05]} 19. g4 {[%emt 0:00:04]} d5 {[%emt 0:00:03]} 20. d4 {[%emt 0:00:17]} cxd4 21. cxd4 {[%emt 0:00:01]} Bd7 {[%emt 0:00:15]} 22. Nc3 {[%emt 0:00:01]} O-O-O {[%emt 0:00:14]} 23. dxe5 {[%emt 0:00:20]} Nxe5 {[%emt 0:00:02]} 24. Bxa7 {[%emt 0:00:34]} Qd6 {[%emt 0:00:07]} 25. Rfc1 {[%emt 0:00:08]} Nc4 {[%emt 0:00:04]} 26. Qd4 {[%emt 0:00:24]} Bc6 {[%emt 0:00:37]} 27. b3 {[%emt 0:00:10]} Ne5 {[%emt 0:00:24]} 28. Bc5 {[%emt 0:00:06]} Qd7 {[%emt 0:00:04]} 29. Nd3 {[%emt 0:00:10]} Rde8 {[%emt 0:00:13]} 30. b4 {[%emt 0:00:10]} Bh6 {[%emt 0:00:08]} 31. b5 {[%emt 0:00:04]} Nxd3 {[%emt 0:00:16]} 32. Qxd3 {[%emt 0:00:01]} Nxb5 {[%emt 0:00:16]} 33. Nxb5 Bxb5 {[%emt 0:00:01]} 34. Bd6+ {[%emt 0:00:08]} Bxc1 {[%emt 0:00:01]} 35. Rxc1+ Bc6 36. Qa3 {[%emt 0:00:03]} Qh7 {[%emt 0:00:07]} 37. Bxd5 {[%emt 0:00:05]} Kd7 {[%emt 0:00:13]} 38. Bxc6+ bxc6 {[%emt 0:00:00]} 39. Qa7+ {[%emt 0:00:11]} Kxd6 40. Rd1+ {[%emt 0:00:00]} Ke5 {[%emt 0:00:07]} 41. Qd4# 1-0

[Event "47th GER-ch Blitz 2020"]
[Site "Magdeburg"]
[Date "2020.08.15"]
[Round "26.11"]
[White "Wichmann, Cliff"]
[Black "Schneider, Ilja"]
[Result "0-1"]
[WhiteElo "2305"]
[BlackElo "2479"]
[Annotator "ChessBase"]
[PlyCount "78"]
[EventDate "2020.07.28"]
[EventType "tourn"]
[EventCountry "GER"]
[SourceTitle "playchess.com"]
[Source "ChessBase"]
[SourceQuality "1"]
[TimeControl "180+2"]

1. d4 {[%emt 0:00:00]} d5 {[%emt 0:00:00]} 2. c4 {[%emt 0:00:00]} c6 {[%emt 0:00:00]} 3. Nc3 {[%emt 0:00:00]} Nf6 {[%emt 0:00:00]} 4. Nf3 {[%emt 0:00:01]} a6 {[%emt 0:00:00]} 5. e3 {[%emt 0:00:01]} b5 {[%emt 0:00:01]} 6. b3 {[%emt 0:00:01]} Bg4 {[%emt 0:00:01]} 7. Qc2 {[%emt 0:00:01]} e6 {[%emt 0:00:02]} 8. Ne5 {[%emt 0:00:01]} Bf5 {[%emt 0:00:01]} 9. Bd3 {[%emt 0:00:02]} Bxd3 {[%emt 0:00:01]} 10. Nxd3 {[%emt 0:00:01]} Nbd7 {[%emt 0:00:02]} 11. O-O {[%emt 0:00:02]} Bd6 {[%emt 0:00:01]} 12. f4 {[%emt 0:00:06]} bxc4 {[%emt 0:00:31]} 13. bxc4 {[%emt 0:00:01]} c5 {[%emt 0:00:26]} 14. Ne5 {[%emt 0:00:23]} cxd4 {[%emt 0:00:26]} 15. exd4 {[%emt 0:00:03]} dxc4 {[%emt 0:00:02]} 16. Be3 {[%emt 0:00:49]} Nb6 {[%emt 0:00:56]} 17. Rf3 {[%emt 0:00:17]} O-O {[%emt 0:00:05]} 18. Rh3 {[%emt 0:00:03]} Nbd5 {[%emt 0:00:10]} 19. Nxd5 {[%emt 0:00:09]} exd5 {[%emt 0:00:02]} 20. f5 {[%emt 0:00:02]} Ne4 {[%emt 0:00:09]} 21. f6 {[%emt 0:00:09]} Qxf6 {[%emt 0:00:11]} 22. Nd7 {[%emt 0:00:09]} Qe6 {[%emt 0:00:02]} 23. Nxf8 {[%emt 0:00:03]} Rxf8 {[%emt 0:00:02]} 24. Rb1 {[%emt 0:00:05]} f5 {[%emt 0:00:02]} 25. Kh1 {[%emt 0:00:11]} f4 {[%emt 0:00:01]} 26. Bg1 {[%emt 0:00:01]} Qg6 {[%emt 0:00:06]} 27. Qb2 {[%emt 0:00:28]} c3 {[%emt 0:00:02]} 28. Qb6 {[%emt 0:00:03]} Ba3 {[%emt 0:00:15]} 29. Qb3 {[%emt 0:00:29]} c2 {[%emt 0:00:05]} 30. Qxd5+ {[%emt 0:00:05]} Kh8 {[%emt 0:00:02]} 31. Rf1 {[%emt 0:00:02]} c1=Q {[%emt 0:00:02]} 32. Rxc1 {[%emt 0:00:02]} Bxc1 {[%emt 0:00:01]} 33. Qe5 {[%emt 0:00:04]} Be3 {[%emt 0:00:01]} 34. d5 {[%emt 0:00:01]} Bxg1 {[%emt 0:00:02]} 35. Kxg1 {[%emt 0:00:01]} Ng5 {[%emt 0:00:02]} 36. Rb3 {[%emt 0:00:04]} f3 {[%emt 0:00:03]} 37. h4 {[%emt 0:00:05]} f2+ {[%emt 0:00:01]} 38. Kf1 {[%emt 0:00:00]} Ne4 {[%emt 0:00:03]} 39. Rf3 {[%emt 0:00:05]} Nd2+ {[%emt 0:00:03]} 0-1

[Event "47th GER-ch Blitz 2020"]
[Site "Magdeburg"]
[Date "2020.08.15"]
[Round "26.12"]
[White "Zelbel, Patrick"]
[Black "Svane, Frederik"]
[Result "1-0"]
[WhiteElo "2448"]
[BlackElo "2421"]
[Annotator "ChessBase"]
[PlyCount "83"]
[EventDate "2020.07.28"]
[EventType "tourn"]
[EventCountry "GER"]
[SourceTitle "playchess.com"]
[Source "ChessBase"]
[SourceQuality "1"]
[TimeControl "180+2"]

1. e4 {[%emt 0:00:00]} c5 {[%emt 0:00:00]} 2. c3 {[%emt 0:00:00]} d5 3. exd5 Qxd5 {[%emt 0:00:01]} 4. Nf3 {[%emt 0:00:00]} g6 {[%emt 0:00:01]} 5. Na3 {[%emt 0:00:01]} Bg7 {[%emt 0:00:04]} 6. Bc4 {[%emt 0:00:01]} Qe4+ {[%emt 0:00:03]} 7. Be2 {[%emt 0:00:01]} Nf6 {[%emt 0:00:04]} 8. O-O {[%emt 0:00:05]} O-O {[%emt 0:00:02]} 9. d4 {[%emt 0:00:02]} cxd4 {[%emt 0:00:02]} 10. Nxd4 {[%emt 0:00:02]} Qe5 {[%emt 0:00:28]} 11. Re1 {[%emt 0:00:16]} Qa5 {[%emt 0:00:38]} 12. Bf3 {[%emt 0:00:10]} e5 {[%emt 0:00:15]} 13. Nc4 {[%emt 0:00:07]} Qc7 {[%emt 0:00:03]} 14. Nxe5 {[%emt 0:00:03]} Nbd7 {[%emt 0:00:06]} 15. Bf4 {[%emt 0:00:31]} Nxe5 {[%emt 0:00:01]} 16. Bxe5 Qb6 17. Qb3 {[%emt 0:00:06]} Nd7 {[%emt 0:00:22]} 18. Bxg7 {[%emt 0:00:10]} Kxg7 {[%emt 0:00:01]} 19. Re7 {[%emt 0:00:04]} Kf6 {[%emt 0:00:36]} 20. Rae1 {[%emt 0:00:11]} Qxb3 {[%emt 0:00:10]} 21. axb3 {[%emt 0:00:09]} Nc5 {[%emt 0:00:05]} 22. Rc7 {[%emt 0:00:22]} Ne6 {[%emt 0:00:10]} 23. Nxe6 {[%emt 0:00:06]} Bxe6 {[%emt 0:00:02]} 24. Rxb7 {[%emt 0:00:03]} Rab8 {[%emt 0:00:00]} 25. Rxb8 {[%emt 0:00:07]} Rxb8 {[%emt 0:00:02]} 26. b4 {[%emt 0:00:01]} a5 {[%emt 0:00:04]} 27. bxa5 {[%emt 0:00:07]} Rxb2 {[%emt 0:00:01]} 28. Ra1 {[%emt 0:00:03]} Bc4 {[%emt 0:00:01]} 29. h4 {[%emt 0:00:15]} Ba6 {[%emt 0:00:00]} 30. Ra4 {[%emt 0:00:05]} Rc2 {[%emt 0:00:15]} 31. Rb4 {[%emt 0:00:04]} Kg7 {[%emt 0:00:20]} 32. Rb6 {[%emt 0:00:09]} Bc4 {[%emt 0:00:02]} 33. a6 {[%emt 0:00:14]} Ra2 {[%emt 0:00:02]} 34. Bb7 {[%emt 0:00:05]} Kf8 {[%emt 0:00:00]} 35. Rc6 {[%emt 0:00:04]} Bb5 {[%emt 0:00:04]} 36. Rb6 {[%emt 0:00:08]} Bc4 {[%emt 0:00:02]} 37. Kh2 {[%emt 0:00:02]} Ke7 {[%emt 0:00:02]} 38. Rc6 {[%emt 0:00:04]} Bb5 {[%emt 0:00:02]} 39. Rc7+ {[%emt 0:00:06]} Ke6 {[%emt 0:00:02]} 40. c4 {[%emt 0:00:02]} Bd7 {[%emt 0:00:04]} 41. a7 {[%emt 0:00:08]} Kd6 {[%emt 0:00:01]} 42. Rxd7+ {[%emt 0:00:02]} 1-0

[Event "47th GER-ch Blitz 2020"]
[Site "Magdeburg"]
[Date "2020.08.15"]
[Round "26.13"]
[White "Dobrikov, Marco"]
[Black "Reichmann, Hendrik"]
[Result "1-0"]
[WhiteElo "2290"]
[BlackElo "2348"]
[Annotator "ChessBase"]
[PlyCount "68"]
[EventDate "2020.07.28"]
[EventType "tourn"]
[EventCountry "GER"]
[SourceTitle "playchess.com"]
[Source "ChessBase"]
[SourceQuality "1"]
[TimeControl "180+2"]

1. e4 {[%emt 0:00:00]} g6 {[%emt 0:00:00]} 2. d4 {[%emt 0:00:00]} Bg7 {[%emt 0:00:00]} 3. Nc3 {[%emt 0:00:01]} d6 {[%emt 0:00:01]} 4. Be3 {[%emt 0:00:02]} a6 {[%emt 0:00:01]} 5. Qd2 {[%emt 0:00:02]} b5 {[%emt 0:00:01]} 6. O-O-O {[%emt 0:00:09]} Nd7 {[%emt 0:00:02]} 7. h4 {[%emt 0:00:04]} h6 {[%emt 0:00:01]} 8. g4 {[%emt 0:00:05]} Bb7 {[%emt 0:00:03]} 9. f3 {[%emt 0:00:03]} Rc8 {[%emt 0:00:02]} 10. Kb1 {[%emt 0:00:04]} c5 {[%emt 0:00:01]} 11. dxc5 {[%emt 0:00:11]} Nxc5 {[%emt 0:00:03]} 12. Bd4 {[%emt 0:00:10]} Nf6 {[%emt 0:00:14]} 13. Nh3 {[%emt 0:00:12]} b4 {[%emt 0:00:06]} 14. Ne2 {[%emt 0:00:07]} Qa5 {[%emt 0:00:37]} 15. g5 {[%emt 0:00:12]} Nfxe4 {[%emt 0:00:17]} 16. fxe4 {[%emt 0:00:07]} Nxe4 {[%emt 0:00:01]} 17. Qe3 {[%emt 0:00:06]} Bxd4 {[%emt 0:00:08]} 18. Nxd4 {[%emt 0:00:13]} Nc3+ {[%emt 0:01:10]} 19. bxc3 {[%emt 0:00:01]} Bxh1 {[%emt 0:00:04]} 20. Nb3 {[%emt 0:00:33]} Qf5 {[%emt 0:00:08]} 21. Bd3 {[%emt 0:00:05]} Qf3 {[%emt 0:00:03]} 22. Qxf3 {[%emt 0:00:38]} Bxf3 {[%emt 0:00:02]} 23. Re1 {[%emt 0:00:03]} Rxc3 {[%emt 0:00:09]} 24. Nf4 {[%emt 0:00:09]} hxg5 25. hxg5 {[%emt 0:00:01]} Rh1 {[%emt 0:00:09]} 26. Rxh1 {[%emt 0:00:03]} Bxh1 {[%emt 0:00:01]} 27. Kb2 {[%emt 0:00:09]} Bb7 {[%emt 0:00:07]} 28. a3 {[%emt 0:00:04]} Rc7 {[%emt 0:00:15]} 29. axb4 {[%emt 0:00:01]} e5 {[%emt 0:00:02]} 30. Ne2 {[%emt 0:00:03]} e4 {[%emt 0:00:02]} 31. Nf4 {[%emt 0:00:11]} exd3 {[%emt 0:00:01]} 32. cxd3 {[%emt 0:00:01]} Bc6 {[%emt 0:00:02]} 33. Kc3 {[%emt 0:00:04]} Bd5+ {[%emt 0:00:02]} 34. Kb2 {[%emt 0:00:01]} Bxb3 {[%emt 0:00:00]} 1-0

[Event "47th GER-ch Blitz 2020"]
[Site "Magdeburg"]
[Date "2020.08.15"]
[Round "26.14"]
[White "Frischmann, Rick"]
[Black "Svane, Rasmus"]
[Result "0-1"]
[WhiteElo "2347"]
[BlackElo "2613"]
[Annotator "TA"]
[PlyCount "48"]
[EventDate "2020.07.28"]
[EventType "tourn"]
[EventCountry "GER"]
[SourceTitle "playchess.com"]
[Source "ChessBase"]
[SourceQuality "1"]

{[%evp 10,48,33,20,41,25,37,25,33,24,62,-16,-6,-25,-25,-41,-39,-45,-60,-55,-62,-58,-41,-60,-54,-104,-58,-144,-143,-495,-237,-224,-219,-315,-146,-554,-340,-342,-293,-545,-542]} 1. e4 c6 2. d4 d5 3. e5 Bf5 4. Nf3 e6 5. Be2 Ne7 6. O-O Ng6 $1 {[%mdl 4] 6...Ng6 is the recent fashion. Played by Alireza Firouzja in May 2020. B12: Caro-Kann: Advance Variation.} 7. a4 {[%cal Ba2a4,Ba4a5,Ba5a6][%mdl 32]} Nd7 8. a5 {[#]} f6 $146 {[%cal Rf6e5] White has an edge.} ({Predecessor:} 8... a6 9. Re1 f6 10. exf6 Qxf6 11. Bg5 Qf7 12. Nh4 Nxh4 13. Bxh4 Bd6 14. c4 O-O {½-½ (39) Vachier Lagrave,M (2780)-Braun,A (2598) chess.com INT 2019}) 9. a6 {Hoping for exf6.} b6 {[%cal Rf6e5]} 10. exf6 (10. Ne1 $1 $14) 10... Qxf6 $11 11. c4 Bd6 12. Re1 O-O 13. Bg5 Qf7 $36 {[%mdl 2048] Black is pushing.} 14. Nc3 h6 15. Be3 Nf6 16. h3 Ne4 17. Qa4 Rac8 18. Rac1 ({Better is} 18. Qd1 $15) 18... Nf4 $17 19. Bf1 $2 {[%mdl 8192] [#]} (19. Bxf4 $17 {is a better chance.} Bxf4 20. Rcd1) 19... Qg6 (19... Nxh3+ $142 $1 {[%mdl 512]} 20. gxh3 Qg6+ 21. Bg2 (21. Kh1 $2 Nxc3 22. Rxc3 Be4 $19) 21... Bxh3) 20. Bxf4 $19 Bxf4 21. Nh4 (21. cxd5 {might work better.} Bxc1 22. Ne5) 21... Qg5 (21... Qf6 $19 {and Black stays clearly on top.} 22. Nxf5 Bxc1 23. Rxc1 Qxf5 24. Nxe4 dxe4) 22. Nxf5 $4 {[%mdl 8192]} (22. Nf3 $17 {was the crucial defense.} Qh5 23. cxd5 cxd5 24. Nxe4 Rxc1 25. Ng3) 22... Bxc1 23. Nxe4 Qxf5 24. g4 $2 {[#]} (24. Rxc1 {is the only way for White.} dxe4 25. Qc2) 24... Qf4 {White did not feel at home in the position after the opening. Accuracy: White = 39%, Black = 57%.} 0-1

[Event "47th GER-ch Blitz 2020"]
[Site "Magdeburg"]
[Date "2020.08.15"]
[Round "26.15"]
[White "Meier, Georg"]
[Black "Koch, Thomas"]
[Result "1/2-1/2"]
[WhiteElo "2621"]
[BlackElo "2461"]
[Annotator "TA"]
[PlyCount "61"]
[EventDate "2020.07.28"]
[EventType "tourn"]
[EventCountry "GER"]
[SourceTitle "playchess.com"]
[Source "ChessBase"]
[SourceQuality "1"]

{[%evp 18,61,22,15,27,34,37,34,25,29,44,23,33,22,25,6,29,25,26,0,0,16,5,0,0,-14,57,18,18,11,18,17,16,0,20,20,40,0,20,24,11,-6,22,-11,14,0]} 1. Nf3 c5 2. g3 b6 3. Bg2 Bb7 4. c4 Nf6 5. O-O g6 6. b3 Bg7 7. Bb2 O-O 8. Nc3 d6 9. d4 cxd4 10. Qxd4 {is now debated instead of 10.Nxd4.} Ne4 {A30: Symmetrical English: Double Fianchetto and Hedgehog.} 11. Qe3 Nxc3 12. Bxc3 Bxc3 {White is slightly better.} 13. Qxc3 Nd7 14. Rfd1 Qc7 15. Qe3 Nf6 16. Rd4 Kg7 17. Rad1 Rfe8 {[#]} 18. Rh4 $146 {[#] And now Qh6+ would win.} ({Predecessor:} 18. Nh4 Bxg2 19. Nxg2 Qc5 20. Qd3 b5 21. Ne3 bxc4 22. Rxc4 Qa5 23. Qc2 Qe5 24. h3 {1-0 (96) Rakhmanov,A (2652)-Pranav,V (2366) Sharjah 2018}) 18... h5 19. Rhd4 Rac8 20. Bh3 Rcd8 21. Bg2 Bxf3 ({Black should play} 21... e5 $11 22. R4d2 Ng4) 22. Bxf3 Qc5 23. Qd2 a5 24. Bg2 Rc8 25. h3 Rc7 26. Qb2 Qe5 27. R1d3 (27. f4 $5 {[%cal Rf4e5]} Qe3+ 28. Kh2 $14) 27... Qe6 28. Re3 Qc8 29. Rd2 {The position is equal.} Rc5 30. Qd4 Qf5 31. Qb2 {Accuracy: White = 84%, Black = 82%.} 1/2-1/2

[Event "47th GER-ch Blitz 2020"]
[Site "Magdeburg"]
[Date "2020.08.15"]
[Round "27.1"]
[White "Koch, Thomas"]
[Black "Donchenko, Alexander"]
[Result "1/2-1/2"]
[WhiteElo "2461"]
[BlackElo "2646"]
[Annotator "TA"]
[PlyCount "87"]
[EventDate "2020.07.28"]
[EventType "tourn"]
[EventCountry "GER"]
[SourceTitle "playchess.com"]
[Source "ChessBase"]
[SourceQuality "1"]

{[%evp 23,87,30,31,0,63,26,49,53,58,24,43,22,117,122,121,99,154,151,161,172,200,197,197,189,287,276,396,390,379,344,327,329,319,125,229,242,238,213,204,0,307,302,316,158,150,81,84,60,60,60,51,58,61,41,77,91,85,77,89,77,75,31,56,31,31,31]} 1. d4 Nf6 2. c4 e6 3. Nf3 c5 4. d5 d6 5. Nc3 exd5 6. cxd5 g6 7. Nd2 Nbd7 8. e4 Bg7 9. Be2 O-O 10. O-O a6 11. a4 Re8 12. Qc2 Ne5 13. h3 {A77: Modern Benoni: Classical: 9...Re8 10 Nd2: 10...a6 and 10...Nbd7.} Rb8 ({Black should try} 13... g5 $11) 14. a5 {[#]} (14. f4 $5 {[%cal Rf4e5]} Ned7 15. Re1 $14) 14... Qe7 $146 ({Predecessor:} 14... g5 15. Nf3 Nxf3+ 16. Bxf3 g4 17. hxg4 Nxg4 18. Bf4 Qf6 19. g3 h5 20. Kg2 h4 {½-½ (60) Retamoza,F (2260)-Sidenko,A (2297) LSS email 2010}) 15. f4 Ned7 16. Bf3 b5 17. axb6 $1 Rxb6 (17... Nxb6 $11 {remains equal.} 18. Nb3 Nc4) 18. Nc4 $16 Rb4 19. Na5 $1 Qf8 (19... Nxe4 $2 20. Nxe4 f5 21. Nc6 $18) (19... Nb8 $142) 20. Nc6 Rb6 21. Bd2 Bb7 22. Na5 Ba8 23. b3 $36 {[%mdl 2048] Keeping Black busy.} Nh5 (23... Reb8 $142 24. Nc4 Rb4 25. Rxa6 Ne8) 24. Nc4 $18 Rbb8 (24... Bb7 $142 25. Nxb6 Nxb6) 25. Rxa6 Ng3 26. Rd1 f5 27. Nxd6 fxe4 28. Ndxe4 $2 ({Resist} 28. Nxe8 $6 Bd4+ 29. Kh2 exf3 $18) (28. Bg4 $18 {and White stays clearly on top.} Bb7 29. Nxe8 (29. Bxd7 Bxa6 30. Nxe8 Bd3 $16) 29... Bd4+ 30. Kh2 Bxa6 31. Bxd7 (31. Kxg3 Bd3 $11)) 28... Bd4+ (28... Nf5 $16 {is a better defense.} 29. Qa2 Nf6) 29. Kh2 Nxe4 30. Nxe4 Bxd5 {[#]} 31. Ng5 $2 ({Better is} 31. b4 $1 $18 {[%mdl 512]}) 31... Bxf3 $4 {[%mdl 8192]} (31... Bxb3 $11 {and Black stays safe.} 32. Qd3 Bxd1 33. Bxd1 Re7) 32. Nxf3 Bf6 33. Qc4+ (33. Ba5 $18 Rb7 34. Qc4+ Qf7 {[#]} 35. Rxd7 $1 {[%mdl 512]} Qxc4 36. bxc4 Rxd7 37. Rxf6) 33... Qf7 $16 34. Ra7 (34. Rd6 $142 Nb6 35. Qxf7+ (35. Qxc5 Be7 $14) 35... Kxf7 36. Be1) 34... Re7 35. Ng5 Qxc4 36. bxc4 Nb6 37. Rxe7 Bxe7 38. Rc1 Bxg5 39. fxg5 $14 {KRB-KRN} Re8 40. Ba5 Nd7 41. Rd1 Ne5 42. Rd5 Nxc4 43. Rxc5 Nxa5 44. Rxa5 {Black escapes into a draw. Accuracy: White = 60%, Black = 54%.} 1/2-1/2

[Event "47th GER-ch Blitz 2020"]
[Site "Magdeburg"]
[Date "2020.08.15"]
[Round "27.2"]
[White "Svane, Rasmus"]
[Black "Meier, Georg"]
[Result "1/2-1/2"]
[WhiteElo "2613"]
[BlackElo "2621"]
[Annotator "TA"]
[PlyCount "42"]
[EventDate "2020.07.28"]
[EventType "tourn"]
[EventCountry "GER"]
[SourceTitle "playchess.com"]
[Source "ChessBase"]
[SourceQuality "1"]

{[%evp 9,42,16,25,27,29,23,31,19,30,15,25,36,40,20,37,15,10,20,29,26,34,22,22,25,22,26,21,11,12,16,23,15,25,16,14]} 1. Nf3 d5 2. g3 Bg4 3. Bg2 Nf6 4. O-O e6 5. h3 Bh5 6. d4 {A07: Réti Opening: New York and Capablanca Systems.} Be7 7. c4 c6 8. Ne5 {White is slightly better.} Nfd7 9. Nd3 {[#]} dxc4 $146 ({Predecessor:} 9... Bg6 10. Nc3 dxc4 11. Nf4 O-O 12. h4 e5 13. dxe5 Nxe5 14. Nxg6 hxg6 15. Qc2 Na6 {½-½ (79) Salomon,J (2495)-Hovhannisyan,R (2630) Reykjavik 2019}) 10. Nf4 Bg6 $1 11. Nxg6 hxg6 12. Qc2 Nb6 13. e3 N8d7 14. a4 a5 15. Nd2 e5 16. Nxc4 exd4 17. exd4 O-O 18. Be3 Nxc4 19. Qxc4 Nb6 20. Qb3 Bb4 21. Rfd1 Nd5 {Accuracy: White = 100%, Black = 100%.} 1/2-1/2

[Event "47th GER-ch Blitz 2020"]
[Site "Magdeburg"]
[Date "2020.08.15"]
[Round "27.3"]
[White "Reichmann, Hendrik"]
[Black "Frischmann, Rick"]
[Result "1/2-1/2"]
[WhiteElo "2348"]
[BlackElo "2347"]
[Annotator "ChessBase"]
[PlyCount "48"]
[EventDate "2020.07.28"]
[EventType "tourn"]
[EventCountry "GER"]
[SourceTitle "playchess.com"]
[Source "ChessBase"]
[SourceQuality "1"]
[TimeControl "180+2"]

1. d4 {[%emt 0:00:00]} d5 {[%emt 0:00:00]} 2. Bf4 {[%emt 0:00:01]} Nc6 {[%emt 0:00:00]} 3. e3 {[%emt 0:00:02]} Nf6 {[%emt 0:00:00]} 4. c4 {[%emt 0:00:02]} Bg4 {[%emt 0:00:02]} 5. Qb3 {[%emt 0:00:12]} Na5 {[%emt 0:00:01]} 6. Qa4+ {[%emt 0:00:08]} c6 {[%emt 0:00:01]} 7. c5 {[%emt 0:00:50]} b5 {[%emt 0:00:01]} 8. Qc2 {[%emt 0:00:02]} Nd7 {[%emt 0:00:29]} 9. Bd3 {[%emt 0:00:25]} e5 {[%emt 0:00:19]} 10. Bg3 {[%emt 0:00:06]} exd4 {[%emt 0:00:12]} 11. exd4 {[%emt 0:00:02]} Qf6 {[%emt 0:00:04]} 12. f3 {[%emt 0:00:19]} Bh5 {[%emt 0:00:07]} 13. Ne2 {[%emt 0:00:04]} Bg6 {[%emt 0:00:07]} 14. b3 {[%emt 0:00:09]} Be7 {[%emt 0:00:02]} 15. Nbc3 {[%emt 0:00:01]} O-O {[%emt 0:00:04]} 16. Rd1 {[%emt 0:00:08]} Rfe8 {[%emt 0:00:03]} 17. O-O {[%emt 0:00:04]} Bxd3 {[%emt 0:00:12]} 18. Qxd3 {[%emt 0:00:01]} h5 {[%emt 0:00:01]} 19. Bc7 {[%emt 0:00:14]} Nb7 {[%emt 0:00:02]} 20. a4 {[%emt 0:00:09]} a6 {[%emt 0:00:08]} 21. axb5 {[%emt 0:00:02]} axb5 {[%emt 0:00:01]} 22. Nxb5 {[%emt 0:00:13]} cxb5 {[%emt 0:00:07]} 23. Qxb5 {[%emt 0:00:01]} Qa6 {[%emt 0:00:47]} 24. Qxd7 {[%emt 0:00:16]} Qxe2 1/2-1/2